<?xml version="1.0" encoding="UTF-8"?>
<record
    xmlns:xsi="http://www.w3.org/2001/XMLSchema-instance"
    xsi:schemaLocation="http://www.loc.gov/MARC21/slim http://www.loc.gov/standards/marcxml/schema/MARC21slim.xsd"
    xmlns="http://www.loc.gov/MARC21/slim">

  <leader>00737cam a22002411a 4500</leader>
  <controlfield tag="001">k  63000415 </controlfield>
  <controlfield tag="003">DLC</controlfield>
  <controlfield tag="005">20260227111524.0</controlfield>
  <controlfield tag="008">991101s1948    ko            000 0 kor  </controlfield>
  <datafield tag="010" ind1=" " ind2=" ">
    <subfield code="a">k  63000415 </subfield>
  </datafield>
  <datafield tag="035" ind1=" " ind2=" ">
    <subfield code="a">(CStRLIN)DCLP99-B11576</subfield>
  </datafield>
  <datafield tag="040" ind1=" " ind2=" ">
    <subfield code="a">DLC</subfield>
    <subfield code="c">DLC-R</subfield>
  </datafield>
  <datafield tag="050" ind1="0" ind2="0">
    <subfield code="a">ML60</subfield>
    <subfield code="b">.I5</subfield>
  </datafield>
  <datafield tag="066" ind1=" " ind2=" ">
    <subfield code="c">$1</subfield>
  </datafield>
  <datafield tag="100" ind1="1" ind2=" ">
    <subfield code="6">880-01</subfield>
    <subfield code="a">Im, Tong-hy&#x14F;k.</subfield>
  </datafield>
  <datafield tag="245" ind1="1" ind2="0">
    <subfield code="6">880-02</subfield>
    <subfield code="a">&#x16C;mak kwa munhwa /</subfield>
    <subfield code="c">Im Tong-hy&#x14F;k ch&#x14F;.</subfield>
  </datafield>
  <datafield tag="260" ind1=" " ind2=" ">
    <subfield code="6">880-03</subfield>
    <subfield code="a">S&#x14F;ul :</subfield>
    <subfield code="b">Tongbang Munhwasa,</subfield>
    <subfield code="c">1948.</subfield>
  </datafield>
  <datafield tag="300" ind1=" " ind2=" ">
    <subfield code="a">197 p. ;</subfield>
    <subfield code="c">18 cm.</subfield>
  </datafield>
  <datafield tag="650" ind1=" " ind2="0">
    <subfield code="a">Music</subfield>
    <subfield code="x">History and criticism.</subfield>
  </datafield>
  <datafield tag="880" ind1="1" ind2=" ">
    <subfield code="6">100-01/$1</subfield>
    <subfield code="a">&#x4EFB;&#x3000;&#x6771;&#xE8B0;.</subfield>
  </datafield>
  <datafield tag="880" ind1="1" ind2="0">
    <subfield code="6">245-02/$1</subfield>
    <subfield code="a">&#x97F3;&#x6A02;&#x3000;&#xACFC;&#x3000;&#x6587;&#x5316; /</subfield>
    <subfield code="c">&#x4EFB;&#x3000;&#x6771;&#xE8B0;&#x3000;&#x8457;.</subfield>
  </datafield>
  <datafield tag="880" ind1=" " ind2=" ">
    <subfield code="6">260-03/$1</subfield>
    <subfield code="a">&#xC11C;&#xC6B8; :</subfield>
    <subfield code="b">&#x6771;&#x90A6;&#x3000;&#x6587;&#x5316;&#x793E;,</subfield>
    <subfield code="c">1948.</subfield>
  </datafield>
  <datafield tag="999" ind1=" " ind2=" ">
    <subfield code="c">35339</subfield>
    <subfield code="d">35339</subfield>
  </datafield>
</record>
